|
|
|
|
| LEADER |
00000nam0a2200000 4500 |
| 001 |
253177 |
| 005 |
20231101232822.0 |
| 010 |
|
|
|a 9785703839126
|
| 035 |
|
|
|a (RuTPU)RU\TPU\book\275563
|
| 090 |
|
|
|a 253177
|
| 100 |
|
|
|a 20140312d2014 m y0rusy50 ca
|
| 101 |
0 |
|
|a rus
|
| 102 |
|
|
|a RU
|
| 105 |
|
|
|a a j 001zy
|
| 200 |
1 |
|
|a Экология
|e учебное пособие для вузов
|f М. Н. Корсак [и др.]
|
| 205 |
|
|
|a 3-е изд., испр.
|
| 210 |
|
|
|a Москва
|c Изд-во МГТУ им. Н. Э. Баумана
|d 2014
|
| 215 |
|
|
|a 244 с.
|c ил.
|
| 320 |
|
|
|a Библиогр.: с. 242.
|
| 320 |
|
|
|a Словарь основных терминов: с.231-241.
|
| 330 |
|
|
|a В пособии изложены основы общей экологии, закономерности действия экологических факторов, особенности экологии популяций, сообществ и экосистем; описаны основные среды жизни, биогеохимические циклы важнейших биогенных элементов, адаптация живых организмов к различным условиям жизни; рассмотрены принципы экологического мониторинга и нормирования, влияние неблагоприятных экологических факторов на здоровье человека, глобальные экологические проблемы. Пособие основано на материалах лекций, которые авторы читают в Московском государственном техническом университете имени Н.Э. Баумана. Для студентов, изучающих дисциплину «Экология».
|
| 606 |
1 |
|
|a Экология в целом
|2 stltpush
|3 (RuTPU)RU\TPU\subj\39023
|9 59264
|
| 606 |
1 |
|
|a Экология
|x (биологические науки)
|2 stltpush
|3 (RuTPU)RU\TPU\subj\67531
|9 83289
|
| 610 |
1 |
|
|a биосфера
|
| 610 |
1 |
|
|a структура
|
| 610 |
1 |
|
|a природная среда
|
| 610 |
1 |
|
|a экологические факторы
|
| 610 |
1 |
|
|a биоты
|
| 610 |
1 |
|
|a антропотехногенные факторы
|
| 610 |
1 |
|
|a гидросфера
|
| 610 |
1 |
|
|a биохимические циклы
|
| 610 |
1 |
|
|a популяции
|
| 610 |
1 |
|
|a экосистемы
|
| 610 |
1 |
|
|a окружающая среда
|
| 610 |
1 |
|
|a качество
|
| 610 |
1 |
|
|a мониторинг
|
| 610 |
1 |
|
|a глобальная экология
|
| 610 |
1 |
|
|a города
|
| 610 |
1 |
|
|a экологические проблемы
|
| 610 |
1 |
|
|a учебные пособия
|
| 675 |
|
|
|a 504(075.8)
|v 3
|
| 675 |
|
|
|a 574(075.8)
|v 3
|
| 701 |
|
1 |
|a Корсак
|b М. Н.
|g Михаил Николаевич
|
| 701 |
|
1 |
|a Мошаров
|b С. А.
|g Сергей Александрович
|
| 701 |
|
1 |
|a Пестряков
|b А. П.
|g Александр Петрович
|
| 701 |
|
1 |
|a Кроленко
|b М. И.
|g Мария Ивановна
|
| 701 |
|
1 |
|a Титов
|b Е. В.
|g Евгений Викторович
|
| 801 |
|
1 |
|a RU
|b 63413507
|c 20140312
|
| 801 |
|
2 |
|a RU
|b 63413507
|c 20150630
|g RCR
|
| 942 |
|
|
|c BK
|
| 959 |
|
|
|a 29/20140218
|d 5
|e 0
|f ЧЗТЛ:1
|f АНЛ:1
|f УФ:3
|